Normal view
MARC view
Entry Personal Name
001 - CONTROL NUMBER
- control field: 65362
003 - CONTROL NUMBER IDENTIFIER
- control field: dpl
005 - DATE AND TIME OF LATEST TRANSACTION
- control field: 20240501150116.0
008 - FIXED-LENGTH DATA ELEMENTS
- fixed length control field: 240501|| aca||aabn | a|a d
040 ## - CATALOGING SOURCE
- Original cataloging agency: dpl
- Transcribing agency: dpl
100 ## - HEADING--PERSONAL NAME
- Personal name: Pallavi Padma Uday
670 ## - SOURCE DATA FOUND
- Source citation: Work cat.: (dpl)202479: Pallavi Padma Uday, Orisons in the Dark/, 2023
